[Event "It (open) \"]
[Site "masterchessopen.com Nyiregyhaza (Hungary)"]
[Round "4"]
[White "Pasztorcsik Janos (HUN)"]
[Black "Talaber Istvan (HUN)"]
[Result "1-0"]
[WhiteElo "2023"]
[BlackElo "1919"]

1.e4 c5 2.Nf3 Nc6 3.d4 cxd4 4.Nxd4 e5 5.Nb5 d6 6.a4 f5 7.N1c3 f4 8.Nd5 Be6
9.Nbc7+ Kf7 10.Nxe6 Kxe6 11.Qg4+ Kf7 12.Bc4 g6 13.Nxf4+ {#r} 1-0

[Event "Ch World (active) (juniors) (under 12)"]
[Site "masterchessopen.com Paris (France)"]
[Round "5"]
[White "Mach Petr (CZE)"]
[Black "Miton Kamil (POL)"]
[Result "0-1"]
[WhiteElo "2272"]
[BlackElo "2220"]

1.e4 c5 2.Nf3 Nc6 3.d4 cxd4 4.Nxd4 e5 5.Nb5 d6 6.N1c3 a6 7.Na3 b5 8.Nd5 Nce7
9.Nxb5 axb5 10.Bxb5+ Bd7 11.Bxd7+ Kxd7 12.Ne3 {#R} 0-1

[Event "Slovak League 1995/96"]
[Site "masterchessopen.com Slovakia"]
[Round "11"]
[White "Betko Lubomir (SVK)"]
[Black "Valent Ivan (SVK)"]
[Result "1-0"]
[WhiteElo "2225"]
[BlackElo "2227"]

1.e4 c5 2.Nf3 Nc6 3.d4 cxd4 4.Nxd4 e5 5.Nb5 d6 6.N1c3 a6 7.Na3 b5 8.Nd5 Nge7
9.Bg5 h6 10.Bxb5 axb5 11.Nxb5 Ra7 12.Nxa7 Nxa7 13.Bxe7 Bxe7 14.O-O O-O 15.c3
Ba6 16.Qa4 Bxf1 17.Qxa7 {#r} 1-0

[Event "It (open) (w)"]
[Site "masterchessopen.com Warsaw (Poland)"]
[Round "4"]
[White "Heymann-Lobzhanidze Anna-Luise (GER)"]
[Black "Lewandowska Katarzyna (POL)"]
[Result "1-0"]
[WhiteElo "1998"]
[BlackElo "2035"]

1.e4 c5 2.Nf3 Nc6 3.d4 cxd4 4.Nxd4 e5 5.Nb5 d6 6.N1c3 a6 7.Na3 b5 8.Nd5 Nf6
9.Bg5 Be7 10.Bxf6 Bxf6 11.c3 O-O 12.Nc2 Bb7 13.a4 bxa4 14.Rxa4 Nb8 15.Nce3 Nd7
16.Rb4 Rb8 17.f3 a5 18.Rb5 Bc6 19.Rxb8 Qxb8 20.b4 axb4 21.Nxb4 {#r} 1-0

[Event "It (b)"]
[Site "masterchessopen.com Budapest (Hungary)"]
[Round "5"]
[White "Rodriguez Lopez Rafael (ESP)"]
[Black "Miton Kamil (POL)"]
[Result "0-1"]
[WhiteElo "2325"]
[BlackElo "2350"]

1.e4 c5 2.Nf3 Nc6 3.d4 cxd4 4.Nxd4 e5 5.Nb5 d6 6.c4 Be7 7.Bd3 a6 8.N5c3 Nf6
9.O-O O-O 10.Na3 Bg4 11.f3 Be6 12.Be3 Nh5 13.Kh1 Bg5 14.Bg1 Qf6 15.Qe1 Qh6
16.Rd1 Ng3+ {#R} 0-1

[Event "It (cat.4)"]
[Site "masterchessopen.com London (England)"]
[Round "8"]
[White "Timmermans Ivo (NED)"]
[Black "McDonald Neil R (ENG)"]
[Result "0-1"]
[WhiteElo "2225"]
[BlackElo "2490"]

1.e4 c5 2.Nf3 Nc6 3.d4 cxd4 4.Nxd4 e5 5.Nb5 d6 6.c4 Be7 7.N1c3 a6 8.Na3 Be6
9.Bd3 Bg5 10.O-O Bxc1 11.Rxc1 Nge7 12.Nc2 Ng6 13.Nd5 O-O 14.Qd2 Qh4 15.f4 exf4
16.Nxf4 Qg5 17.Rcd1 Nxf4 18.Qxf4 Qa5 19.Qh4 Ne5 20.b3 Bg4 {#R} 0-1

[Event "Ch Quebec (juniors) (under 20)"]
[Site "masterchessopen.com Montreal (Canada)"]
[Round "3"]
[White "Fang Ming"]
[Black "Goldenberg Danny (CAN)"]
[Result "0-1"]
[WhiteElo "2085"]
[BlackElo "2310"]

1.e4 c5 2.Nf3 Nc6 3.d4 cxd4 4.Nxd4 e5 5.Nb5 d6 6.c4 Be7 7.Be2 Be6 8.O-O a6
9.N5a3 Rc8 10.Be3 Bg5 11.Qd2 Bxe3 12.Qxe3 Nd4 13.Nc3 Ne7 14.f4 Qb6 15.Kh1 Qxb2
16.fxe5 dxe5 17.Rab1 Qxa3 18.Rxb7 Nxe2 19.Nxe2 Qxe3 20.Rxe7+ Kxe7 21.Rxf7+
Bxf7 {#R} 0-1

[Event "Ch Hungary (juniors) (under 10)"]
[Site "masterchessopen.com Paks (Hungary)"]
[Round "7"]
[White "Papp Gabor (HUN)"]
[Black "Radnai Adam (HUN)"]
[Result "1-0"]
[WhiteElo "2551"]
[BlackElo "2202"]

1.e4 c5 2.Nf3 Nc6 3.d4 cxd4 4.Nxd4 e5 5.Nb5 d6 6.N1c3 a6 7.Na3 Be7 8.Nd5 Nf6
9.Nxf6+ Bxf6 10.Nc4 Be7 11.Be3 Be6 12.Qd2 O-O 13.O-O-O Bxc4 14.Bxc4 Kh8 15.f4
exf4 16.Bxf4 Ne5 17.Bb3 f5 18.exf5 Rxf5 19.Rhf1 h6 20.Bxh6 Rxf1 21.Rxf1 gxh6
22.Qxh6# 1-0

[Event "Ch Hungary (juniors) (under 20)"]
[Site "masterchessopen.com Paks (Hungary)"]
[Round "8"]
[White "Szuk Balazs (HUN)"]
[Black "Kovacs Tamas (HUN)"]
[Result "1-0"]
[WhiteElo "2410"]
[BlackElo "2149"]

1.e4 c5 2.Nf3 Nc6 3.d4 cxd4 4.Nxd4 e5 5.Nb5 d6 6.N1c3 Be6 7.Nd5 Rc8 8.Be3 Nf6
9.Nxf6+ gxf6 10.c4 f5 11.exf5 Bxf5 12.Bd3 Bxd3 13.Qxd3 a6 14.Nc3 Qh4 15.Nd5
Be7 16.O-O O-O 17.Qf5 Kh8 18.g3 Rg8 19.Qxc8 {#r} 1-0

[Event "Ch Slovakia (team) 1996/97"]
[Site "masterchessopen.com Presov (Slovakia)"]
[Round "1"]
[White "Flasik Radoslav (SVK)"]
[Black "Mrva Martin (SVK)"]
[Result "0-1"]
[WhiteElo "2201"]
[BlackElo "2395"]

1.e4 c5 2.Nf3 Nc6 3.d4 cxd4 4.Nxd4 e5 5.Nb5 d6 6.c4 Be7 7.N1c3 a6 8.Na3 h6
9.Nc2 Be6 10.Be2 Rc8 11.Be3 Bg5 12.Nd5 Bxe3 13.fxe3 Nf6 14.Bf3 Nxe4 15.O-O Ng5
16.Bg4 O-O 17.b4 f5 18.Be2 Ne7 19.h4 Ne4 20.Nxe7+ Qxe7 {#R} 0-1

[Event "Ch Europe (juniors) (under 12)"]
[Site "masterchessopen.com Tallinn (Estonia)"]
[Round "5"]
[White "Manescu Tiberiu (ROM)"]
[Black "Sveshnikov Vladimir (LAT)"]
[Result "1-0"]
[WhiteElo "2402"]
[BlackElo "2412"]

1.e4 c5 2.Nf3 Nc6 3.d4 cxd4 4.Nxd4 e5 5.Nb5 d6 6.c4 Be7 7.N1c3 Nf6 8.Bg5 a6
9.Na3 O-O 10.Bxf6 Bxf6 11.Bd3 Be6 12.O-O Rc8 13.Rc1 Bg5 14.Ra1 Qb6 15.b3 Rfd8
16.Nd5 Qa7 17.Nc3 Nd4 {#r} 1-0

[Event "Ch Europe (juniors) (under 14)"]
[Site "masterchessopen.com Tallinn (Estonia)"]
[Round "4"]
[White "Vitouch Anatol (AUT)"]
[Black "Miton Kamil (POL)"]
[Result "0-1"]
[WhiteElo "2277"]
[BlackElo "2350"]

1.e4 c5 2.Nf3 Nc6 3.d4 cxd4 4.Nxd4 e5 5.Nb5 d6 6.c4 Be7 7.N1c3 a6 8.Na3 Nf6
9.Be2 O-O 10.Be3 Be6 11.O-O Rc8 12.Rc1 g6 13.f4 exf4 14.Rxf4 Ne5 15.Qd4 Nfd7
16.Rcf1 Bg5 17.Nd5 Bxd5 {#R} 0-1

[Event "Ch Europe (juniors) (under 14)"]
[Site "masterchessopen.com Tallinn (Estonia)"]
[Round "2"]
[White "Zubov Alexander (UKR)"]
[Black "Miton Kamil (POL)"]
[Result "1-0"]
[WhiteElo "2603"]
[BlackElo "2350"]

1.e4 c5 2.Nf3 Nc6 3.d4 cxd4 4.Nxd4 e5 5.Nb5 d6 6.c4 Be7 7.Be2 a6 8.N5a3 Nf6
9.Nc3 O-O 10.Be3 Be6 11.O-O Rc8 12.Rc1 Na5 13.Nd5 Nc6 14.f3 Nd7 15.Nxe7+ Qxe7
16.Qd2 Rfd8 17.Nb1 Rf8 {#r} 1-0

[Event "It (open)"]
[Site "masterchessopen.com Vlissingen (Netherlands)"]
[Round "6"]
[White "De Vreugt Dennis (NED)"]
[Black "Van Der Wiel John T H (NED)"]
[Result "0-1"]
[WhiteElo "2295"]
[BlackElo "2525"]

1.e4 c5 2.Nf3 Nc6 3.d4 cxd4 4.Nxd4 e5 5.Nb5 d6 6.c4 Be7 7.N1c3 a6 8.Na3 Be6
9.Bd3 Bg5 10.O-O Bxc1 11.Rxc1 Nf6 12.Qd2 O-O 13.Rfd1 Rc8 14.Bb1 Nd4 15.b3 b5
16.Nd5 bxc4 17.Nxf6+ Qxf6 18.Nxc4 Rxc4 {#R} 0-1

[Event "Ch IBCA (blindfold)"]
[Site "masterchessopen.com Brno (Czech Republic)"]
[Round "1"]
[White "Draganov Ruslan (RUS)"]
[Black "Wikman Bengt (FIN)"]
[Result "1-0"]
[WhiteElo "2160"]
[BlackElo "1911"]

1.e4 c5 2.Nf3 Nc6 3.d4 cxd4 4.Nxd4 e5 5.Nb5 d6 6.N1c3 a6 7.Na3 b5 8.Nd5 Nf6
9.Bg5 Be7 10.Bxf6 gxf6 11.c4 Qa5+ 12.Qd2 Qxd2+ 13.Kxd2 Rb8 14.cxb5 axb5
15.Bxb5 Bd7 16.Rhc1 Rc8 17.Nc4 Rb8 18.Ncb6 Bd8 19.Bxc6 Bxb6 20.Nxf6+ {#r} 1-0

[Event "It (open) \"]
[Site "masterchessopen.com Buenos Aires (Argentina)"]
[Round "8"]
[White "Barria Daniel (CHI)"]
[Black "Maurino Lucio (ARG)"]
[Result "0-1"]
[WhiteElo "2305"]
[BlackElo "2235"]

1.e4 c5 2.Nf3 Nc6 3.d4 cxd4 4.Nxd4 e5 5.Nb5 d6 6.Be3 Be6 7.Nd2 a6 8.Nc3 Nf6
9.Bg5 Be7 10.Nc4 O-O 11.Bxf6 Bxf6 12.Qxd6 Qe8 13.Nd5 Bxd5 14.Qxd5 Rd8 15.Qc5
Nd4 16.Bd3 Rc8 17.Qd5 Qe7 18.O-O b5 19.Na5 Qc7 20.b4 Rfd8 21.Qc5 Qb8 {#R} 0-1

[Event "Ch France (juniors)"]
[Site "masterchessopen.com France"]
[Round "1"]
[White "Tanniou Loic (FRA)"]
[Black "Guidarelli Laurent (FRA)"]
[Result "0-1"]
[WhiteElo "2045"]
[BlackElo "2285"]

1.e4 c5 2.Nf3 Nc6 3.d4 cxd4 4.Nxd4 e5 5.Nb5 d6 6.c4 Be7 7.N1c3 a6 8.Na3 Be6
9.Be2 Bg5 10.O-O Bxc1 11.Rxc1 Nge7 12.Nc2 O-O 13.b3 Ng6 14.Qd2 Nf4 15.Nd5 Bxd5
16.cxd5 Qg5 17.Ne3 Nd4 18.Bd1 Nxg2 19.Kh1 Nh4 20.Rg1 {#R} 0-1

[Event "Ch Poland (juniors) (under 18)"]
[Site "masterchessopen.com Krynica (Poland)"]
[Round "0"]
[White "Gorzkiewicz Lukasz (POL)"]
[Black "Kulczycki Daniel (POL)"]
[Result "1-0"]
[WhiteElo "2113"]
[BlackElo "2029"]

1.e4 c5 2.Nf3 Nc6 3.d4 cxd4 4.Nxd4 e5 5.Nb5 d6 6.N1c3 a6 7.Na3 b5 8.Nd5 Nce7
9.c4 Nxd5 10.cxd5 f5 11.exf5 Bxf5 12.Be2 Nf6 13.O-O Be7 14.Be3 O-O 15.f4 Qd7
16.h3 Be4 17.Bf3 Bxf3 18.Rxf3 Qb7 19.fxe5 Nxd5 20.exd6 Nxe3 21.Rxe3 Qb6
22.Qb3+ {#r} 1-0

[Event "It (open)"]
[Site "masterchessopen.com Montreal (Canada)"]
[Round "2"]
[White "Nataf Igor-Alexandre (FRA)"]
[Black "Poitras Luc (CAN)"]
[Result "1-0"]
[WhiteElo "2485"]
[BlackElo "2124"]

1.e4 c5 2.Nf3 Nc6 3.d4 cxd4 4.Nxd4 e5 5.Nb5 d6 6.c4 Be6 7.b3 a6 8.N5c3 Nf6
9.Bd3 Be7 10.O-O O-O 11.Na3 Nd7 12.Nc2 Nc5 13.Bb2 Bg4 14.Be2 Bxe2 15.Qxe2 Ne6
16.Nd5 Bg5 17.g3 Re8 18.f4 exf4 19.gxf4 Be7 20.Qg4 Bf8 21.Rf3 {#r} 1-0

[Event "Ch Europe (juniors) (under 18)"]
[Site "masterchessopen.com Mureck (Austria)"]
[Round "7"]
[White "Bucinskas Valdas (LTU)"]
[Black "Horvath Adam (HUN)"]
[Result "1-0"]
[WhiteElo "2205"]
[BlackElo "2455"]

1.e4 c5 2.Nf3 Nc6 3.d4 cxd4 4.Nxd4 e5 5.Nb5 d6 6.N1c3 a6 7.Na3 b5 8.Nd5 Nge7
9.Bg5 Rb8 10.c4 Nd4 11.cxb5 axb5 12.Rc1 f6 13.Nc7+ Kf7 14.Be3 b4 15.Bc4+ Kg6
16.Nab5 Nxb5 17.Nxb5 Nc6 18.Be2 h5 19.Rxc6 Bd7 20.Na7 {#r} 1-0

[Event "It (cat.8)"]
[Site "masterchessopen.com New York (USA)"]
[Round "7"]
[White "Ady Jonathan J (HKG)"]
[Black "Waitzkin Joshua (USA)"]
[Result "1-0"]
[WhiteElo "2395"]
[BlackElo "2480"]

1.e4 c5 2.Nf3 Nc6 3.d4 cxd4 4.Nxd4 e5 5.Nb5 d6 6.N1c3 a6 7.Na3 b5 8.Nd5 Nce7
9.Bg5 h6 10.Bxb5+ axb5 11.Nxb5 Ra6 12.Ndc7+ Kd7 13.Bd2 Rb6 14.c4 Ba6 15.Ba5
Bxb5 16.Bxb6 Bc6 17.c5 Nf6 18.Na6 {#r} 1-0

[Event "Ch Slovakia (team) 1997/98 (2 liga)"]
[Site "masterchessopen.com Slovakia"]
[Round "0"]
[White "Kasas Ladislav (SVK)"]
[Black "Flasik Radoslav (SVK)"]
[Result "0-1"]
[WhiteElo "2055"]
[BlackElo "2201"]

1.e4 c5 2.Nf3 Nc6 3.d4 cxd4 4.Nxd4 e5 5.Nb5 d6 6.N1c3 a6 7.Na3 b5 8.Nd5 Nce7
9.c4 Nxd5 10.Qxd5 Be6 11.Qd1 Nf6 12.f3 Be7 13.Bg5 O-O 14.Be2 Qb6 15.Qd2 bxc4
16.Nxc4 Bxc4 17.Bxc4 d5 {#R} 0-1

[Event "It (open) \"]
[Site "masterchessopen.com Feffernitz (Austria)"]
[Date "1998.08.16"]
[Round "0"]
[White "Graber Josef (AUT)"]
[Black "Horvath Peter_ (HUN)"]
[Result "0-1"]
[WhiteElo "1802"]
[BlackElo "2450"]

1.e4 c5 2.Nf3 Nc6 3.d4 cxd4 4.Nxd4 e5 5.Nb5 d6 6.N1c3 a6 7.Na3 b5 8.Nd5 Nge7
9.c3 Nxd5 10.Qxd5 Bb7 11.Qd1 Ne7 12.Bd3 d5 13.Qe2 Ng6 14.Nc2 Be7 15.O-O O-O
16.exd5 Qxd5 17.f3 f5 18.Rd1 Qe6 19.Ne1 e4 20.Bc2 Kh8 21.Kh1 Bc5 22.Nd3 exf3
{#R} 0-1

[Event "It (open) \"]
[Site "masterchessopen.com Budapest (Hungary)"]
[Round "4"]
[White "Adam Olga (HUN)"]
[Black "Horvath Gabor (HUN)"]
[Result "0-1"]
[WhiteElo "2007"]
[BlackElo "2100"]

1.e4 c5 2.Nf3 Nc6 3.d4 cxd4 4.Nxd4 e5 5.Nb5 d6 6.Bc4 Be7 7.O-O Nf6 8.N5c3 O-O
9.h3 Be6 10.Bd5 Qd7 11.a3 Na5 12.Qd3 Rac8 13.b3 Nc6 14.Be3 Nh5 15.Nd2 Nd4
16.Kh2 Bf6 17.Bxd4 Nf4 18.Qb5 exd4 19.Bxe6 Qxe6 20.Nd5 Be5 21.g3 Qxh3+ {#R}
0-1

[Event "Cup Scandinavia (juniors) (team)"]
[Site "masterchessopen.com Helsinki (Finland)"]
[Round "1"]
[White "Sagafos Magne (NOR)"]
[Black "Nyback Tomi (FIN)"]
[Result "1-0"]
[WhiteElo "2052"]
[BlackElo "2095"]

1.e4 c5 2.Nf3 Nc6 3.d4 cxd4 4.Nxd4 e5 5.Nb5 d6 6.N1c3 a6 7.Na3 b5 8.Nd5 Nge7
9.Bd3 Nxd5 10.exd5 Ne7 11.O-O Qc7 12.c4 bxc4 13.Bxc4 Bb7 14.Bg5 f6 15.Rc1 Qd7
16.Be3 Nf5 17.Bb6 Be7 18.Bb3 {#r} 1-0

[Event "Ch Hungary (team) 1998/99 (3 liga)"]
[Site "masterchessopen.com Hungary"]
[Round "1"]
[White "Cseh Andor (HUN)"]
[Black "Horvath Gabor (HUN)"]
[Result "0-1"]
[WhiteElo "2275"]
[BlackElo "2100"]

1.e4 c5 2.Nf3 Nc6 3.d4 cxd4 4.Nxd4 e5 5.Nb5 d6 6.c4 Be7 7.Be3 Be6 8.Nd2 Nf6
9.Be2 O-O 10.O-O Rc8 11.Nc3 Ne8 12.f3 Bg5 13.Bf2 f5 14.exf5 Bxf5 15.Nde4 Bf4
16.g3 Bh6 17.a3 Be6 18.b4 b6 {#R} 0-1

[Event "It (open)"]
[Site "masterchessopen.com Mendrisio (Switzerland)"]
[Round "1"]
[White "Ferrari Guy (FRA)"]
[Black "Godena Michele (ITA)"]
[Result "0-1"]
[WhiteElo "1748"]
[BlackElo "2490"]

1.e4 c5 2.Nf3 Nc6 3.d4 cxd4 4.Nxd4 e5 5.Nb5 d6 6.c4 Be7 7.N1c3 a6 8.Na3 Be6
9.Be3 Bg5 10.Qd2 Bxe3 11.Qxe3 Nd4 12.Bd3 Nf6 13.h3 Rc8 14.O-O Nh5 15.Nd5 Bxd5
16.exd5 Qh4 17.Rae1 O-O 18.Qe4 Nf4 19.Bb1 f5 20.Qe3 Qg5 21.g4 fxg4 {#R} 0-1

[Event "Ch Germany (juniors) (under 12)"]
[Site "masterchessopen.com Oberhof (Germany)"]
[Round "8"]
[White "Germer Philipp (GER)"]
[Black "Koller Jens (GER)"]
[Result "1-0"]
[WhiteElo "2203"]
[BlackElo "2261"]

1.e4 c5 2.Nf3 Nc6 3.d4 cxd4 4.Nxd4 e5 5.Nb5 d6 6.c4 Be7 7.N1c3 a6 8.Na3 Be6
9.Be3 Bg5 10.Qf3 Bxe3 11.Qxe3 Nge7 12.Nc2 O-O 13.Be2 g6 14.O-O f5 15.f4 fxe4
16.Nxe4 Nf5 17.Qh3 Qb6+ 18.Kh1 Qxb2 19.Ng5 Rf7 20.Nxf7 Bxf7 21.Bd3 Be6 22.Rfb1
{#r} 1-0

[Event "It"]
[Site "masterchessopen.com Orel (Russia)"]
[Round "0"]
[White "Olenin Nikolay (RUS)"]
[Black "Mochalov Evgeny V (BLR)"]
[Result "0-1"]
[WhiteElo "2391"]
[BlackElo "2433"]

1.e4 c5 2.Nf3 Nc6 3.d4 cxd4 4.Nxd4 e5 5.Nb5 d6 6.c4 Be7 7.b3 f5 8.Ba3 Nf6
9.Nxd6+ Bxd6 10.Qxd6 Nd4 11.Bd3 fxe4 12.Qxe5+ Kf7 13.Bb2 Nc6 {#R} 0-1

[Event "Ch Poland (team) (2nd liga)"]
[Site "masterchessopen.com Polanica Zdroj (Poland)"]
[Round "3"]
[White "Moldawski Tomasz (POL)"]
[Black "Dubas Leszek (POL)"]
[Result "0-1"]
[WhiteElo "2060"]
[BlackElo "2218"]

1.e4 c5 2.Nf3 Nc6 3.d4 cxd4 4.Nxd4 e5 5.Nb5 d6 6.a4 a6 7.N5a3 Be6 8.Nc3 Rc8
9.Be3 Nf6 10.Be2 Nb4 11.O-O Be7 12.Bf3 O-O 13.Qe2 Qc7 14.Rfd1 Rfd8 15.Nd5
Nbxd5 16.exd5 Bd7 17.Qd2 Bxa4 18.Qb4 b5 19.b3 a5 20.Qd2 b4 {#R} 0-1

[Event "Ch Slovakia (team) 1999/00 (2 liga) (b)"]
[Site "masterchessopen.com Slovakia"]
[Round "0"]
[White "Nagy Attila (SRB)"]
[Black "Goth Gabor (SVK)"]
[Result "0-1"]
[WhiteElo "2187"]
[BlackElo "2002"]

1.e4 c5 2.Nf3 Nc6 3.d4 cxd4 4.Nxd4 e5 5.Nb5 d6 6.c4 Be6 7.N1c3 a6 8.Na3 Nf6
9.Rb1 Be7 10.Nc2 O-O 11.a3 Na5 12.Ne3 Rc8 13.b3 b5 14.Bd2 bxc4 15.b4 Nb3
16.Rxb3 cxb3 17.Bxa6 Rc6 18.Bb7 Rxc3 19.Bxc3 Qc7 20.O-O Qxb7 {#R} 0-1

[Event "Cup Rilton"]
[Site "masterchessopen.com Stockholm (Sweden)"]
[Round "9"]
[White "Holmsten Aleksei (FIN)"]
[Black "Couso Luis (SWE)"]
[Result "0-1"]
[WhiteElo "2380"]
[BlackElo "2334"]

1.e4 c5 2.Nf3 Nc6 3.d4 cxd4 4.Nxd4 e5 5.Nb5 d6 6.N1c3 a6 7.Na3 b5 8.Nd5 Nge7
9.c4 Be6 10.cxb5 Nd4 11.bxa6 Nxd5 12.exd5 Qa5+ 13.Bd2 Qxd5 14.f3 Be7 15.Bc3
Bh4+ 16.g3 Nxf3+ 17.Kf2 Qc5+ 18.Kxf3 Bd5+ 19.Kg4 Bf6 20.Bb5+ Ke7 21.Qa4 h5+
22.Kh3 Qf2 {#R} 0-1

[Event "Cup Russia (open)"]
[Site "masterchessopen.com Tula (Russia)"]
[Round "6"]
[White "Patsuk Leonid (RUS)"]
[Black "Atarov Evgeniy (RUS)"]
[Result "0-1"]
[WhiteElo "2169"]
[BlackElo "2138"]

1.e4 c5 2.Nf3 Nc6 3.d4 cxd4 4.Nxd4 e5 5.Nb5 d6 6.N1c3 a6 7.Na3 b5 8.Nd5 Nf6
9.Bg5 Be7 10.Bxf6 Bxf6 11.c3 Rb8 12.Nc2 Bg5 13.Bd3 O-O 14.Nce3 Bxe3 15.Nxe3
Be6 16.O-O a5 17.Qh5 Ne7 18.g4 Ng6 19.f4 Qb6 {#R} 0-1

[Event "It (open)"]
[Site "masterchessopen.com Vadso (Norway)"]
[Round "5"]
[White "Esbensen Andreas (NOR)"]
[Black "Shkadiouk Alexandr (RUS)"]
[Result "0-1"]
[WhiteElo "2147"]
[BlackElo "2169"]

1.e4 c5 2.Nf3 Nc6 3.d4 cxd4 4.Nxd4 e5 5.Nb5 d6 6.c4 Be6 7.N1c3 a6 8.Na3 Be7
9.Be2 Bg5 10.O-O h6 11.Nc2 Nf6 12.Bxg5 hxg5 13.Qd2 Nh5 14.g3 Nf4 15.gxf4 gxf4
16.f3 Rxh2 17.Rf2 Rxf2 18.Kxf2 Qh4+ 19.Kg1 Qg3+ 20.Kh1 {#R} 0-1

[Event "Ch NATO"]
[Site "masterchessopen.com Stetten (Germany)"]
[Date "1999.09.14"]
[Round "3"]
[White "McAleer JM (USA)"]
[Black "Dilek C"]
[Result "1-0"]
[WhiteElo "1937"]
[BlackElo "1691"]

1.e4 c5 2.Nf3 Nc6 3.d4 cxd4 4.Nxd4 e5 5.Nb5 d6 6.N1c3 a6 7.Na3 Nf6 8.Bg5 Be7
9.Bxf6 gxf6 10.Nd5 b5 11.c3 f5 12.Bd3 fxe4 13.Bxe4 Ra7 14.Qh5 Be6 15.Nc2 Nb8
16.Nce3 Nd7 17.Rd1 Nf6 18.Nf4 {#r} 1-0

[Event "It (open)"]
[Site "masterchessopen.com Bad Wiessee (Germany)"]
[Round "1"]
[White "Selg Rudolf (GER)"]
[Black "Bauer Eckart (GER)"]
[Result "0-1"]
[WhiteElo "1930"]
[BlackElo "2240"]

1.e4 c5 2.Nf3 Nc6 3.d4 cxd4 4.Nxd4 e5 5.Nb5 d6 6.N1c3 a6 7.Na3 Be6 8.Nd5 Rc8
9.c3 Nce7 10.Bc4 Nxd5 11.Bxd5 Bxd5 12.Qxd5 Rc6 13.O-O Nf6 14.Qd3 d5 15.exd5
Bxa3 16.bxa3 Qxd5 17.Qg3 O-O 18.Bh6 Nh5 {#R} 0-1

[Event "Ch NRW (juniors) (under 16)"]
[Site "masterchessopen.com Bergneustadt (Germany)"]
[Round "3"]
[White "Schlawin Marlon (GER)"]
[Black "Scalisi Carmelo"]
[Result "0-1"]
[WhiteElo "2204"]
[BlackElo "1873"]

1.e4 c5 2.Nf3 Nc6 3.d4 cxd4 4.Nxd4 e5 5.Nb5 d6 6.c4 a6 7.N5c3 Nf6 8.b3 Be7
9.Bb2 Qa5 10.Nd2 Nd4 11.Bd3 Bg4 12.f3 Bd7 13.Nd5 Ne6 14.b4 Qd8 15.a3 Nxd5
16.cxd5 Nf4 17.Bf1 Nxg2+ 18.Bxg2 Bh4+ {#R} 0-1

[Event "It (open)"]
[Site "masterchessopen.com Berlin (Germany)"]
[Round "2"]
[White "Tahiri Daut (GER)"]
[Black "Von Herman Ulf (GER)"]
[Result "0-1"]
[WhiteElo "2096"]
[BlackElo "2357"]

1.e4 c5 2.Nf3 Nc6 3.d4 cxd4 4.Nxd4 e5 5.Nb5 d6 6.N1c3 a6 7.Na3 b5 8.Nd5 Rb8
9.c3 Be7 10.Bd3 Nf6 11.Nxe7 Nxe7 12.O-O O-O 13.Nc2 Bb7 14.Qe2 Ng6 15.a4 bxa4
16.Rxa4 a5 17.Bg5 Bc6 18.Ra2 d5 19.exd5 Qxd5 {#R} 0-1

[Event "Tournament"]
[Site "masterchessopen.com Karhula (Finland)"]
[Round "5"]
[White "Hermlin Aarne (EST)"]
[Black "Raki Jyrki (FIN)"]
[Result "1-0"]
[WhiteElo "2277"]
[BlackElo "2007"]

1.e4 c5 2.Ne2 Nc6 3.d4 cxd4 4.Nxd4 e5 5.Nb5 d6 6.N1c3 a6 7.Na3 Nf6 8.Bg5 Be7
9.Bxf6 Bxf6 10.Nc4 Nd4 11.Ne3 O-O 12.Ncd5 Be6 13.c3 Nc6 14.Be2 Bg5 15.Nc4 Bxd5
16.Qxd5 Be7 17.O-O Qc7 18.Rfd1 Rad8 19.a4 Nb8 20.Bg4 Nd7 21.Bxd7 Rxd7 22.Nxe5
{#r} 1-0

[Event "It (open)"]
[Site "masterchessopen.com Kiel (Germany)"]
[Round "7"]
[White "Jochens Arne (GER)"]
[Black "Baekgaard Martin (DEN)"]
[Result "0-1"]
[WhiteElo "2286"]
[BlackElo "2170"]

1.e4 c5 2.Nf3 Nc6 3.d4 cxd4 4.Nxd4 e5 5.Nb5 d6 6.c4 Be7 7.Bd3 Be6 8.O-O Rc8
9.N1c3 a6 10.Na3 Bg5 11.Nc2 Na5 12.Bxg5 Qxg5 13.Ne3 Ne7 14.Qa4+ Nac6 15.Ncd5
O-O 16.Nb6 Rcd8 17.Rfc1 Ng6 18.b4 Nf4 19.Rc3 Nh3+ 20.Kf1 Nxf2 21.Kxf2 Qf4+
22.Kg1 Qxe3+ {#R} 0-1

[Event "Ch Kiev"]
[Site "masterchessopen.com Kiev (Ukraine)"]
[Round "0"]
[White "Zsiltzova-Lisenko Lubov (UKR)"]
[Black "Matorin Evgeny (RUS)"]
[Result "1-0"]
[WhiteElo "2273"]
[BlackElo "2375"]

1.e4 c5 2.Nf3 Nc6 3.d4 cxd4 4.Nxd4 e5 5.Nb5 d6 6.N1c3 a6 7.Na3 b5 8.Nd5 Nge7
9.c3 Nxd5 10.exd5 Nb8 11.Nc2 Nd7 12.Nb4 Qc7 13.a4 bxa4 14.Qxa4 Be7 15.Be3 O-O
16.Nc6 Bf6 17.Be2 Nb6 18.Qa5 Nxd5 19.Qxd5 Bb7 20.Bf3 e4 21.Qxe4 Rfe8 22.Qa4
{#r} 1-0

[Event "It"]
[Site "masterchessopen.com Melbourne (Australia)"]
[Round "0"]
[White "Nemeth John (AUS)"]
[Black "Stirling Nathan (AUS)"]
[Result "0-1"]
[WhiteElo "2138"]
[BlackElo "2151"]

1.e4 c5 2.Nf3 Nc6 3.d4 cxd4 4.Nxd4 e5 5.Nb5 d6 6.N1c3 a6 7.Na3 b5 8.Nd5 Nge7
9.c4 Nxd5 10.exd5 Nd4 11.cxb5 Be7 12.Be3 Nf5 13.bxa6 O-O 14.Bd3 Qa5+ 15.Qd2
Qxd5 16.Rd1 Qxg2 17.Rf1 Nh4 {#R} 0-1

[Event "Ch Russia (juniors) (under 18)"]
[Site "masterchessopen.com Neftekamsk (Russia)"]
[Round "3"]
[White "Fazulyanov Sergey (RUS)"]
[Black "Nabiev Rustem (RUS)"]
[Result "0-1"]
[WhiteElo "2272"]
[BlackElo "2274"]

1.e4 c5 2.Nf3 Nc6 3.d4 cxd4 4.Nxd4 e5 5.Nb5 d6 6.N1c3 a6 7.Na3 b5 8.Nd5 Nge7
9.c4 Nd4 10.cxb5 Nxd5 11.exd5 Qh4 12.Be3 Nf5 13.Qd2 Nxe3 14.Qxe3 Be7 15.g3
Qb4+ 16.Kd1 Bg4+ 17.Be2 Qxb2 18.Nc2 Bxe2+ 19.Qxe2 O-O {#R} 0-1